J. V. Sztálin "Marxizmus és a nyelvtudomány kérdései", című műve és kiváló szerepe a társadalomtudományok fejlődésében (Запись № 13288082)

Подробности
000 -МАРКЕР
контрольное поле 01583nam0a22003011 4500
001 - ИДЕНТИФИКАТОР ЗАПИСИ
контрольное поле RU\NLR\INFOCOMM_116\5000052255
005 - ИДЕНТИФИКАТОР ВЕРСИИ
контрольное поле 20260406043409.0
035 ## - ДРУГИЕ СИСТЕМНЫЕ НОМЕРА
Идентификатор записи (NLR Aleph) 009047964
100 ## - ДАННЫЕ ОБЩЕЙ ОБРАБОТКИ
Данные общей обработки 20080828d1952 |||y0rusy50 ca
101 1# - ЯЗЫК РЕСУРСА
Язык текста, звукозаписи и т.д. венгерский
Язык оригинала русский
102 ## - СТРАНА ПУБЛИКАЦИИ ИЛИ ПРОИЗВОДСТВА
Страна публикации украина
105 ## - ПОЛЕ КОДИРОВАННЫХ ДАННЫХ: ТЕКСТОВЫЕ МАТЕРИАЛЫ, МОНОГРАФИЧЕСКИЕ
Кодированные данные о монографическом текстовом документе y z 000zy
200 1# - ЗАГЛАВИЕ И СВЕДЕНИЯ ОБ ОТВЕТСТВЕННОСТИ
Основное заглавие J. V. Sztálin "Marxizmus és a nyelvtudomány kérdései", című műve és kiváló szerepe a társadalomtudományok fejlődésében
Сведения, относящиеся к заглавию [Oroszból fordította]
Первые сведения об ответственности G. F. Alekszandrov, akad.
210 ## - ПУБЛИКАЦИЯ, РАСПРОСТРАНЕНИЕ И ДР.
Место издания, распространения и т.д. Uzshorod
Имя издателя, распространителя и т. д. Kárpátontúli könyv- és folyóiratkiadó
Дата издания, распространения и т.д. 1952
215 ## - ФИЗИЧЕСКАЯ ХАРАКТЕРИСТИКА
Специфическое обозначение материала и объем 36 с.
Размеры 19 см
300 ## - ОБЩИЕ ПРИМЕЧАНИЯ
Текст примечания На послед. с.: Труд И. В. Сталина "Марксизм и вопросы языкознания" и его выдающаяся роль в развитии общественных наук / Г. Ф. Александров
500 10 - УНИФИЦИРОВАННОЕ ЗАГЛАВИЕ
Унифицированное заглавие Marxizmus és a nyelvtudomány kérdései
517 1# - ДРУГИЕ ВАРИАНТЫ ЗАГЛАВИЯ
Вариант заглавия Труд И. В. Сталина "Марксизм и вопросы языкознания" и его выдающаяся роль в развитии общественных наук
686 ## - ИНДЕКСЫ ДРУГИХ КЛАССИФИКАЦИЙ
Индекс Мл
Код системы
700 #1 - ИМЯ ЛИЦА - ПЕРВИЧНАЯ ОТВЕТСТВЕННОСТЬ
Код отношения Составитель
Графика поля Латинская
Материалы, к которым относится поле rus
Начальный элемент ввода Aleksandrov
Часть имени, кроме начального элемента ввода G. F.
Дополнения к именам, кроме дат философ, госуд. деятель
Даты 1908-1961
Расширение инициалов личного имени Georgij Fёdorovič
Системный номер авторитетной/нормативной записи 252120
Идентификатор авторитетной/нормативной записи RU\NLR\AUTH\770252176
702 #1 - ИМЯ ЛИЦА - ВТОРИЧНАЯ ОТВЕТСТВЕННОСТЬ
Код отношения Прочие
Материалы, к которым относится поле rus
Графика поля Латинская
Начальный элемент ввода Stalin
Часть имени, кроме начального элемента ввода I. V.
Даты 1879-1953
Расширение инициалов личного имени Iosif Vissarionovič
Идентификатор авторитетной/нормативной записи RU\NLR\AUTH\773465
Системный номер авторитетной/нормативной записи 113461
801 #1 - ИСТОЧНИК ЗАПИСИ
Страна российская федерация
Организация NLR
Дата составления 20080828
801 #0 - ИСТОЧНИК ЗАПИСИ
Страна российская федерация
Организация NLR
Правила каталогизации PSBO
852 ## - МЕСТОНАХОЖДЕНИЕ И ШИФР ХРАНЕНИЯ
Идентификатор организации NLR
Шифр хранения (Call Number) М21 Г-4/187
942 ## - ДОПОЛНИТЕЛЬНЫЕ ЭЛЕМЕНТЫ ЗАПИСИ (АБИС)
Тип экземпляра АБИС Книга
980 ## - КОЛЛЕКЦИЯ
Название коллекции Национальная библиография
Экземпляры
Тип экземпляра Дата поступления Библиотека постоянного хранения Библиотека текущего хранения Место хранения Шифр хранения Штрих-код Статус не для выдачи
Книга 26.10.2013 РНБ (Московский) РНБ (Московский) Иностранный книжный фонд М21 Г-4/187 9047964-10